Fr. Conceicao Rodrigues College of Engineering

Mathematics of circuit analysis (Record no. 20574)

MARC details
000 -LEADER
fixed length control field 00290nam a2200133Ia 4500
082 ## - DEWEY DECIMAL CLASSIFICATION NUMBER
Classification number 621.3192
Item number GUI
100 ## - MAIN ENTRY--PERSONAL NAME
Personal name Guillemin/E.A
245 ## - TITLE STATEMENT
Title Mathematics of circuit analysis
260 ## - PUBLICATION, DISTRIBUTION, ETC.
Name of publisher, distributor, etc. Oxford
Place of publication, distribution, etc. Calcutta
Date of publication, distribution, etc. 1967
300 ## - PHYSICAL DESCRIPTION
Extent 590
546 ## - LANGUAGE NOTE
Language note ENGLISH
654 ## - SUBJECT ADDED ENTRY--FACETED TOPICAL TERMS
Focus term circuit
942 ## - ADDED ENTRY ELEMENTS (KOHA)
Koha item type BOOK
Holdings
Withdrawn status Lost status Damaged status Not for loan Collection Home library Current library Shelving location Date acquired Cost, normal purchase price Total Checkouts Full call number Barcode Date last seen Cost, replacement price Price effective from Koha item type
        CRC Fr. Agnel's C.Rodrigues College of Engineering Fr. Agnel's C.Rodrigues College of Engineering   17/03/2023 25.00   621.3192 GUI 1486 17/03/2023 25.00 17/03/2023 BOOK
        CRC Fr. Agnel's C.Rodrigues College of Engineering Fr. Agnel's C.Rodrigues College of Engineering   17/03/2023 25.00   621.3192 GUI 1487 17/03/2023 25.00 17/03/2023 BOOK